Southville International School and Colleges
Your cart is empty.
  • Cart
  • Lists
    Public lists Eva Luna New books Lux_list list_1
    Your lists Log in to create your own lists
  • Log in to your account
  • Your cookies
  • Search history
Southville International School and Colleges
  • Advanced search
  • Recent comments
  • Most popular
  • Libraries

Log in to your account

Log in with GOOGLE


If you do not have an external account, but do have a local account, you can still log in:

  1. Home
  2. MARC view: Society, ethics, and technology /
Normal view MARC view ISBD view

Society, ethics, and technology / (Record no. 290852)

[ view plain ]
MARC details
000 -LEADER
fixed length control field 00680nam a2200253Ia 4500
008 - FIXED-LENGTH DATA ELEMENTS--GENERAL INFORMATION
fixed length control field 160216s9999 xx 000 0 und d
020 ## - INTERNATIONAL STANDARD BOOK NUMBER
International Standard Book Number 0-534-58540-X
050 ## - LIBRARY OF CONGRESS CALL NUMBER
Classification number MAIN T 14.5
050 ## - LIBRARY OF CONGRESS CALL NUMBER
Item number .W56 2003
100 ## - MAIN ENTRY--PERSONAL NAME
Personal name Winston, Morton
245 ## - TITLE STATEMENT
Title Society, ethics, and technology /
245 ## - TITLE STATEMENT
Statement of responsibility, etc Morton Winston, Ralph Edelbach.
250 ## - EDITION STATEMENT
Edition statement 2nd Edition
260 ## - PUBLICATION, DISTRIBUTION, ETC. (IMPRINT)
Place of publication, distribution, etc Belmont, CA :
260 ## - PUBLICATION, DISTRIBUTION, ETC. (IMPRINT)
Name of publisher, distributor, etc Thomson Wadswoth.
260 ## - PUBLICATION, DISTRIBUTION, ETC. (IMPRINT)
Date of publication, distribution, etc 2003
300 ## - PHYSICAL DESCRIPTION
Extent 343 pages :
300 ## - PHYSICAL DESCRIPTION
Dimensions 24 cm.
500 ## - GENERAL NOTE
General note Includes bibliographical references.
650 ## - SUBJECT ADDED ENTRY--TOPICAL TERM
Topical term or geographic name as entry element Technology --
650 ## - SUBJECT ADDED ENTRY--TOPICAL TERM
Topical term or geographic name as entry element Technology --
650 ## - SUBJECT ADDED ENTRY--TOPICAL TERM
General subdivision Moral and ethical aspects.
650 ## - SUBJECT ADDED ENTRY--TOPICAL TERM
General subdivision Social aspects.
Holdings
Withdrawn status Lost status Damaged status Home library Current library Shelving location Date acquired Cost, normal purchase price Total Checkouts Full call number Barcode Date last seen Price effective from Koha item type
      South Mansfield College South Mansfield College Reserve Section   4.00   MAIN T 14.5 .W56 2003 SM0C0823 02/16/2016 02/16/2016  

Society, ethics, and technology /

APA

Winston M., .Society, ethics, and technology. Belmont, CA: .

Chicago

Winston Morton, .Society, ethics, and technology. Belmont, CA: .

Harvard

Winston M., .Society, ethics, and technology. Belmont, CA: .

MLA

Winston Morton, .Belmont, CA: . .

  • Place hold
  • Print
  • Cite
  • Add to your cart (remove)
  • Save record
    BIBTEX Dublin Core MARCXML MARC (non-Unicode/MARC-8) MARC (Unicode/UTF-8) MARC (Unicode/UTF-8, Standard) MODS (XML) RIS
  • More searches
    Search for this title in:
    Other Libraries (WorldCat) Other Databases (Google Scholar) Online Stores (Bookfinder.com) Open Library (openlibrary.org)

Exporting to Dublin Core...

SOUTHVILLE LIBRARY

Southville International School and Colleges Library

1281 Tropical Ave. Cor. Luxembourg St., BF Homes International, Las Pinas City

Tel. No. 8256374 / 252358 Loc. 117/146

Powered by Koha